| 000 | 01059cam a2200301 i 4500 | ||
|---|---|---|---|
| 001 | 18572313 | ||
| 003 | LC | ||
| 005 | 20170217165929.0 | ||
| 008 | 150413s2016 enka b 001 0 eng | ||
| 010 | _a 2015005536 | ||
| 020 | _a9780415836791 (hardback) | ||
| 020 | _a9780415836807 (pbk.) | ||
| 020 | _z9781315683225 (ebook) | ||
| 040 |
_aDLC _beng _cDLC _erda _dDLC |
||
| 042 | _apcc | ||
| 050 | 0 | 0 |
_aP126 _b.C375 2016 |
| 082 | 0 | 0 | _a410 |
| 100 | 1 |
_aCarter, Ronald, _d1947- _eauthor. |
|
| 245 | 1 | 0 |
_aHow to analyse texts : _ba toolkit for students of English / _cRonald Carter and Angela Goddard. |
| 300 |
_axi, 249 pages : _billustrations ; _c26 cm |
||
| 504 | _aIncludes bibliographical references and index. | ||
| 650 | 0 | _aLinguistic analysis (Linguistics) | |
| 650 | 0 |
_aEnglish language _vTextbooks for foreign speakers. |
|
| 700 | 1 |
_aGoddard, Angela, _d1954- _eauthor. |
|
| 906 |
_a7 _bcbc _corignew _d1 _eecip _f20 _gy-gencatlg |
||
| 942 |
_2lcc _cBK |
||
| 999 |
_c306698 _d306698 |
||